000 00359nam a2200145Ia 4500
005 20251222144725.0
008 251222s9999||||xx |||||||||||||| ||spa||
020 _a978-970-10-6114-5
082 _a004.015.1/C523
100 _aChapra, Steven C.
245 0 _aMétodos Numéricos para Ingenieros
250 _a5a.ed.
264 _bMcGraw Hill
942 _cLIB
999 _c18368
_d18368